|
|
|
|
| LEADER |
00749nab#a2200289#ar4500 |
| 001 |
000021521 |
| 003 |
SVKKK |
| 005 |
00000000000000.0 |
| 008 |
c xo e sloo |
| FMT |
|
|
|
| 038 |
|
|
|a SVKKK
|
| 040 |
|
|
|a SVKKK
|b slo
|e AACR2
|
| 041 |
0 |
|
|a slo
|
| 044 |
|
|
|a xo
|c SK
|
| 080 |
|
|
|a 373.
|2 1981
|
| 100 |
1 |
|
|a Dušek, Jaroslav
|4 aut
|
| 245 |
1 |
0 |
|a Spoločne riešia záväznú problematiku
|c Dušek Jaroslav,
|
| 650 |
0 |
4 |
|a činnosť kultúrno-výchovná
|
| 650 |
0 |
4 |
|a školy základné
|x Rimavská Sobota
|x okres
|x informácie
|
| 773 |
0 |
|
|t Smer
|g Roč. 35, č. 33(1983), dát. 0209, s. 5
|
| 957 |
|
|
|a Rimavská Sobota
|
| 958 |
|
|
|a PED
|
| 974 |
|
|
|d 940607
|a KKá
|
| 992 |
|
|
|a RBX
|
| BAS |
|
|
|
| 852 |
|
|
|a SVKKK
|b BIB
|
| 998 |
|
|
|a ROM
|